000 00793nam a2200229Ii 4500
003 JO-AjNU
008 230605s9999||||xx |||||||||||||| ||und||
017 _a2021/8/4401
020 _a978-9957-33-883-1
040 _aJO-AjNU
_bara
_erda
_cJO-AjNU
041 _aara
050 1 4 _aBF721.W3354 2022
100 3 _aمختار، وفيق صفوت,
_eauthor
_962855
245 0 0 _aاستراتيجيات مواجهة مشكلات الاطفال
250 _aط1
264 3 1 _aعمان: مؤسسة الوراق للنشر والتوزيع، 2022
300 _a307ص
336 _atext
_btxt
_2rdacontent
337 _aunmediated
_bn
_2rdamedia
338 _avolume
_bnc
_2rdacarrier
650 4 _aتربية الاطفال-المشكلات الاجتماعية-علم نفس الطفل
_962856
999 _aA28482
_c32050
_d32050